| 000 | 00635nam a2200181 i 4500 | ||
|---|---|---|---|
| 001 | 131667 | ||
| 003 | ES-MaACL | ||
| 005 | 20251012063051.0 | ||
| 007 | t| | ||
| 008 | 070214q1953 sp r ||||1| spa d | ||
| 100 | 1 |
_aRodríguez-Jurado, Adolfo, _d1899-1982 _9159284 |
|
| 245 | 1 | 0 |
_aPáginas de Derecho agrario en anécdotas parlamentarias / _cpor Adolfo Rodríguez-Jurado. |
| 260 |
_aMadrid : _bInstituto Nacional de Estudios Jurídicos, _c[1953?] |
||
| 300 |
_a67 p. ; _c17 cm. |
||
| 710 | 2 |
_aInstituto Nacional de Estudios Jurídicos (España) _95163 |
|
| 852 |
_aES-MaACL _j1953-F-9 _bR.35532 |
||
| 999 |
_c131667 _d131667 |
||